00471 2200157 4500245003500000020002200035250001100057700001600068650002100084005001900105260007000124041001400194084000800208300008800216336000900304 aNamaku BirucArrum AceaehText a978-623-118-677-5 aCet. 1 aArrum Aceae aCerita Bergambar a20240902104646 aJakartabKementerian Pendidikan, Kebudayaan, Riset, dan Teknologi aIndonesia a741 aMenggunakan huruf Andika New Basic 18/26, Delight Snowy iv, 28 hlm., 21 × 29,7cm : atext